• 首页
  • 本馆介绍
  • 公告通知
  • 最新文献
  • 馆藏检索
  • 电子资源
  • 读者导购
  • 参考咨询
  • 我的图书馆
  • 登录
  • 详细信息显示
  • 放入我的书架
  • 预约/预借图书
  • 作者相关作品
  • 分类相关作品
  • 丛书相关作品
  • 出版社相关作品

书目信息

  • 表格格式
  • 工作单格式
  • 卡片格式
题名:
中国传统建筑技艺解析
    
 
作者: 白旭 , 孙华银 编著
分册:  
出版信息: 北京   中国水利水电出版社  2015.06
页数: 253页
开本: 26cm
丛书名:
单 册:
中图分类: TU-092.2
科图分类:
主题词: 建筑史
电子资源:
ISBN: 978-7-5170-3313-4
000 00641nam0 2200205 450
001 369
005 20160906085156.90
010    @a978-7-5170-3313-4@dCNY56.00
100    @a20160721d2015 km y0chiy0120 ea
101 0  @achi
102    @aCN@b110000
200 1  @a中国传统建筑技艺解析@Azhong guo chuan tong jian zhu ji yi jie xi@f白旭,孙华银等编著@Fbai xu,sun hua yin deng bian zhu
210    @a北京@c中国水利水电出版社@d2015.06
215    @a253页@d26cm
606 0  @a建筑史
690    @aTU-092.2@v4
701  0 @a白旭@Abai xu@4编著
701  0 @a孙华银@Asun hua yin@4编著
801  0 @aCN@b唐山师范学院图书馆@c20160721
905    @aZUCC@dTU-092.2@e122
    
    中国传统建筑技艺解析/白旭,孙华银等编著.-北京:中国水利水电出版社,2015.06
    253页;26cm
    
    
    ISBN 978-7-5170-3313-4:CNY56.00
    
●
相关链接 在E读中查询图书 在五车中查询图书 在当当中查询图书 在豆瓣中查询图书


正题名:中国传统建筑技艺解析     索取号:TU-092.2/122         预约/预借

序号 登录号 条形码 馆藏地/架位号 状态 备注
1 901561   209015616   第二样本阅览室/ [索取号:TU-092.2/122] 在馆    
2 901562   209015625   第三借阅区/ [索取号:TU-092.2/122] 在馆    
3 901563   209015634   第三借阅区/ [索取号:TU-092.2/122] 在馆    
4 901564   209015643   第三借阅区/ [索取号:TU-092.2/122] 在馆    
5 901565   209015652   第三借阅区/ [索取号:TU-092.2/122] 在馆    
唐山师范学院图书馆 欢迎您!
大连网信软件有限公司© 版权所有